| Tag |
First Indicator |
Second Indicator |
Subfields |
| LEADER |
00000cam a2200000 4500 |
| 001 |
in00000049602 |
| 005 |
20151007073650.0 |
| 008 |
800610s1930 enk 00011 eng |
| 010 |
|
|
|a 30028742
|
| 035 |
|
|
|a (OCoLC)06404533
|
| 035 |
|
|
|9 AAF0139AM
|
| 040 |
|
|
|c TXA
|d UtOrBLW
|
| 049 |
|
|
|a TXAS
|c [1102718]
|
| 050 |
0 |
0 |
|a PZ3.G6125
|b Em
|
| 100 |
1 |
|
|a Goodchild, George,
|d 1888-
|
| 245 |
1 |
4 |
|a The emperor of Hallelujah Island /
|c by George Goodchild.
|
| 264 |
|
1 |
|a London :
|b Hodder and Stoughton,
|c [1930]
|
| 264 |
|
4 |
|c [©1930]
|
| 300 |
|
|
|a 319 pages ;
|c 19 cm.
|
| 336 |
|
|
|a text
|b txt
|2 rdacontent
|
| 337 |
|
|
|a unmediated
|b n
|2 rdamedia
|
| 338 |
|
|
|a volume
|b nc
|2 rdacarrier
|
| 999 |
|
|
|a MARS
|
| 999 |
f |
f |
|s 138a619c-9ddf-3e8d-a99e-d971b949fa7b
|i c9d306e4-1751-38ae-a526-71045ffe84c8
|t 0
|
| 952 |
f |
f |
|p noncirc
|a Texas A&M University
|b College Station
|c Cushing Memorial Library & Archives
|d Cushing: Science Fiction (Does not check out)
|t 0
|e PZ3.G6125 Em
|h Library of Congress classification
|i unmediated -- volume
|m A14800412864
|
| 998 |
f |
f |
|a PZ3.G6125 Em
|t 0
|l Cushing: Science Fiction (Does not check out)
|